| 000 | 00430nam a22001697a 4500 | ||
|---|---|---|---|
| 005 | 20180312140954.0 | ||
| 008 | 160429b xxu||||| |||| 00| 0 eng d | ||
| 020 | _a978-81-7446-580-1 | ||
| 041 | _aeng | ||
| 082 |
_b00893 _a332.6 |
||
| 100 |
_aBhat Sudhindra _9249 |
||
| 245 | _aSecurity Analysis and Portfalio Management. | ||
| 260 |
_aNew Delhi _bExcel Books, _c2008 |
||
| 300 | _a681 | ||
| 650 |
_aManagement _9241 |
||
| 942 | _cBK | ||
| 999 |
_c287 _d287 |
||